[Event "K41 Efteraars EMT Basisklassen 2009"]
[Site "Valby"]
[Date "2009.09.08"]
[Round "1"]
[White "Andreassen, Mikkel"]
[Black "Wehl, Erik"]
[Result "1-0"]
[WhiteElo "1839"]
[BlackElo "1462"]
[PlyCount "95"]
[EventDate "2009.??.??"]

1. d4 Nf6 2. c4 e6 3. Nc3 d5 4. Nf3 Be7 5. Bg5 O-O 6. e3 b6 7. Bd3 Nbd7 8. Rc1
Bb7 9. cxd5 exd5 10. O-O Re8 11. Ne2 c5 12. Ng3 Ne4 13. Bxe7 Qxe7 14. Nd2 Ndf6
15. dxc5 Nxg3 16. hxg3 bxc5 17. Re1 Rac8 18. Bb5 Bc6 19. Bxc6 Rxc6 20. Qa4 Rec8
21. b3 Qb7 22. Rc2 d4 23. exd4 cxd4 24. Rxc6 Qxc6 25. Qxd4 Qc2 26. g4 h6 27. a4
a5 28. f3 Qc7 29. Nc4 Rd8 30. Qe5 Qa7+ 31. Qe3 Qc7 32. Qb6 Qxb6+ 33. Nxb6 Rb8
34. Nc4 Rxb3 35. Ra1 Nd5 36. Nxa5 Rb2 37. Ra3 Nf4 38. Nc4 Rxg2+ 39. Kf1 f5 40.
a5 Rc2 41. Ne3 Rc1+ 42. Kf2 fxg4 43. fxg4 Ne6 44. a6 Nc7 45. a7 Na8 46. Rb3 Kf7
47. Rb8 Nc7 48. Rc8 1-0

[Event "K41 Efteraars EMT Basisklassen 2009"]
[Site "Valby"]
[Date "2009.09.08"]
[Round "1"]
[White "Egholm, Leif"]
[Black "Krogh, Soren"]
[Result "1-0"]
[WhiteElo "1672"]
[BlackElo "1147"]
[PlyCount "59"]
[EventDate "2009.??.??"]

1. e4 e5 2. Nf3 d6 3. Nc3 f5 4. d3 Nf6 5. Be2 Be7 6. O-O O-O 7. b3 Bd7 8. Bb2
Qe8 9. Qd2 Nc6 10. Nd5 Bd8 11. Nc3 a6 12. Rfe1 Rb8 13. Bd1 b5 14. a3 Ne7 15. d4
fxe4 16. Nxe4 Nxe4 17. Rxe4 Bf5 18. Re1 e4 19. Nh4 Bg6 20. d5 Qf7 21. Nxg6 Qxg6
22. Re3 Rf7 23. Rg3 Qf5 24. Rg5 Qc8 25. Bh5 g6 26. Qd4 Kf8 27. Re1 Nf5 28. Qh8+
Ke7 29. Rxe4+ Kd7 30. Qe8# 1-0

[Event "K41 Efteraars EMT Basisklassen 2009"]
[Site "Valby"]
[Date "2009.09.08"]
[Round "1"]
[White "Mikkelsen, Henning Peter"]
[Black "Skjoldager, Mikael"]
[Result "0-1"]
[WhiteElo "1400"]
[BlackElo "1733"]
[PlyCount "52"]
[EventDate "2009.??.??"]

1. d4 Nf6 2. c4 g6 3. Nf3 Bg7 4. Nc3 d5 5. Bf4 Nh5 6. Bd2 dxc4 7. Qa4+ Nd7 8.
e4 O-O 9. Qxc4 Nb6 10. Qd3 Bg4 11. d5 Rc8 12. Be2 c6 13. dxc6 Qxd3 14. Bxd3
Rxc6 15. Be2 Rd8 16. Rd1 Nc4 17. Bc1 Rxd1+ 18. Bxd1 Nxb2 19. Bxb2 Bxc3+ 20.
Bxc3 Rxc3 21. h3 Bxf3 22. Bxf3 Rc1+ 23. Bd1 Ra1 24. a4 Nf4 25. O-O Kf8 26. Bb3
Ne2+ 0-1

[Event "K41 Efteraars EMT Basisklassen 2009"]
[Site "Valby"]
[Date "2009.09.08"]
[Round "1"]
[White "Mouritsen, Jan"]
[Black "Nissen, Kaspar"]
[Result "1/2-1/2"]
[WhiteElo "1719"]
[BlackElo "1328"]
[PlyCount "130"]
[EventDate "2009.??.??"]

1. d4 d5 2. c4 e6 3. Nc3 Nf6 4. Bg5 Be7 5. cxd5 exd5 6. e3 O-O 7. Qc2 c6 8. Nf3
Ne4 9. Bxe7 Qxe7 10. Nxe4 dxe4 11. Nd2 f5 12. Bc4+ Be6 13. O-O Bxc4 14. Nxc4
Nd7 15. Rac1 Kh8 16. a3 a5 17. f3 exf3 18. Rxf3 g6 19. Qc3 a4 20. d5+ Qf6 21.
dxc6 Qxc3 22. Rxc3 bxc6 23. Rf4 c5 24. e4 fxe4 25. Rxe4 Rf5 26. Nd6 Rd5 27. Nc4
Rd1+ 28. Kf2 Rf8+ 29. Ke2 Rff1 30. Re8+ Kg7 31. Ne3 Rfe1+ 32. Kf2 Kf7 33. Nxd1
Rxe8 34. Rc4 Ra8 35. Nc3 Ne5 36. Rxa4 Rxa4 37. Nxa4 c4 38. Ke3 Ng4+ 39. Kd4
Nxh2 40. Kxc4 h5 41. b4 Ng4 42. b5 Ne5+ 43. Kc5 g5 44. Kd5 Nd7 45. b6 h4 46.
Nc5 Nxb6+ 47. Kc6 Nc4 48. a4 g4 49. Ne4 Kg6 50. Kc5 Kf5 51. Nf2 Na5 52. Kb5 Kf4
53. Kxa5 Kg3 54. Nxg4 Kxg4 55. Kb6 Kg3 56. a5 Kxg2 57. a6 h3 58. a7 h2 59.
a8=Q+ Kg1 60. Qg8+ Kh1 61. Qd5+ Kg1 62. Qd1+ Kg2 63. Qe2+ Kg1 64. Qg4+ Kh1 65.
Qh3 Kg1 1/2-1/2

[Event "K41 Efteraars EMT Basisklassen 2009"]
[Site "Valby"]
[Date "2009.09.08"]
[Round "1"]
[White "Nielsen, Jais Norgaard"]
[Black "Jorgensen, Rasmus"]
[Result "0-1"]
[WhiteElo "1585"]
[BlackElo "1937"]
[PlyCount "102"]
[EventDate "2009.??.??"]

1. d4 d5 2. Nf3 Nf6 3. Bf4 Bf5 4. e3 e6 5. Nbd2 h6 6. Ne5 Nbd7 7. Nxd7 Nxd7 8.
g4 Bh7 9. Bg2 Be7 10. c3 c5 11. Rc1 O-O 12. O-O Bd3 13. Re1 Bf6 14. e4 cxd4 15.
cxd4 Qb6 16. exd5 Bxd4 17. Be3 Bg6 18. Bxd4 Qxd4 19. dxe6 fxe6 20. Ne4 Qxd1 21.
Rcxd1 Ne5 22. h3 Nf3+ 23. Bxf3 Rxf3 24. Ng3 Rc8 25. Rxe6 Bf7 26. Red6 Bxa2 27.
Kg2 Rf7 28. b4 Rc4 29. R1d4 Rxd4 30. Rxd4 b6 31. f4 Rc7 32. Rd2 Bb3 33. Rd3 Bc4
34. Rd4 a5 35. bxa5 bxa5 36. Ne4 Bb3 37. Nd2 Bc2 38. Rc4 Rxc4 39. Nxc4 a4 40.
Kf2 Bd3 41. Na3 Kf7 42. Ke3 Bf1 43. h4 Ke6 44. Kd4 Be2 45. g5 Kf5 46. gxh6 gxh6
47. Ke3 Bd1 48. Nc4 Kg4 49. h5 Kxh5 50. Ke4 Bb3 51. Na3 Kg4 0-1

[Event "K41 Efteraars EMT Basisklassen 2009"]
[Site "Valby"]
[Date "2009.09.08"]
[Round "1"]
[White "Nielsen, Jimmy O"]
[Black "Eiholt, Bjarne"]
[Result "1-0"]
[WhiteElo "1795"]
[BlackElo "1421"]
[PlyCount "35"]
[EventDate "2009.??.??"]

1. d4 d5 2. c4 e6 3. Nc3 Be7 4. Nf3 c6 5. e3 Nf6 6. Bd3 dxc4 7. Bxc4 b5 8. Bd3
a6 9. O-O Nbd7 10. e4 c5 11. e5 Nd5 12. Nxd5 exd5 13. Re1 O-O 14. Qc2 g6 15.
Bh6 Re8 16. e6 fxe6 17. Bxg6 Nf6 18. Ng5 1-0

[Event "K41 Efteraars EMT Basisklassen 2009"]
[Site "Valby"]
[Date "2009.09.08"]
[Round "1"]
[White "Nielsen, Soren Skovso"]
[Black "Hojgaard, Knud"]
[Result "0-1"]
[WhiteElo "1431"]
[BlackElo "1817"]
[PlyCount "98"]
[EventDate "2009.??.??"]

1. d4 e6 2. c4 f5 3. Nc3 Nf6 4. Nf3 Bb4 5. a3 Bxc3+ 6. bxc3 O-O 7. e3 b6 8. Bd3
Bb7 9. O-O Ne4 10. Qc2 d6 11. Bb2 Nd7 12. a4 a5 13. Rab1 Ndf6 14. h3 Qd7 15.
Ba3 Bc6 16. Qc1 Bxa4 17. Nd2 Nxd2 18. Qxd2 Rfd8 19. Qa2 Kh8 20. Qa1 Rab8 21.
Rb2 Ra8 22. Qb1 g6 23. Qc1 Qe8 24. Ra2 e5 25. Re1 Qf7 26. d5 Be8 27. e4 f4 28.
c5 bxc5 29. c4 Bd7 30. Qd1 Rdb8 31. Qa1 Qe8 32. Bc1 a4 33. Bxf4 Kg7 34. Bg5 h6
35. Bxf6+ Kxf6 36. f4 Kf7 37. fxe5 Qxe5 38. Rf1+ Kg7 39. Qd1 Rf8 40. Rxf8 Rxf8
41. Qa1 Qxa1+ 42. Rxa1 Rb8 43. Rb1 Rxb1+ 44. Bxb1 Kf6 45. Kf2 Ke5 46. Ke3 g5
47. g4 Be8 48. Ba2 Bg6 49. Bb1 a3 0-1

[Event "K41 Efteraars EMT Basisklassen 2009"]
[Site "Valby"]
[Date "2009.09.15"]
[Round "2"]
[White "Eiholt, Bjarne"]
[Black "Christensen, Aage Niels"]
[Result "1/2-1/2"]
[WhiteElo "1421"]
[BlackElo "1326"]
[PlyCount "56"]
[EventDate "2009.??.??"]

1. d4 Nf6 2. c4 g6 3. Nc3 d5 4. Bf4 Bg7 5. Nf3 O-O 6. e3 Na6 7. Be2 c5 8. dxc5
dxc4 9. O-O Nxc5 10. Bxc4 Bg4 11. Qe2 Nce4 12. Nxe4 Nxe4 13. Rfd1 Qa5 14. Rd5
Qb6 15. Rb5 Qc6 16. Bd5 Nc3 17. bxc3 Qxc3 18. Rab1 Bf5 19. e4 Be6 20. Rxb7 Rac8
21. h3 Rfd8 22. Rc1 Qa5 23. Bc7 Qa3 24. Rcb1 Rd7 25. Bf4 h6 26. Bxe6 Rxb7 27.
Rxb7 fxe6 28. Rxe7 Qxe7 1/2-1/2

[Event "K41 Efteraars EMT Basisklassen 2009"]
[Site "Valby"]
[Date "2009.09.15"]
[Round "2"]
[White "Hojgaard, Knud"]
[Black "Hojland, Ulrik"]
[Result "1-0"]
[WhiteElo "1817"]
[BlackElo "1000"]
[PlyCount "85"]
[EventDate "2009.??.??"]

1. d4 Nf6 2. c4 g6 3. Nc3 Bg7 4. e4 d6 5. f4 O-O 6. Nf3 Nfd7 7. Be3 e5 8. fxe5
dxe5 9. d5 f5 10. Bd3 Na6 11. a3 Nac5 12. Bc2 fxe4 13. Nxe4 Nxe4 14. Bxe4 Nf6
15. Bg5 Qe8 16. Bxf6 Rxf6 17. O-O Qe7 18. Qc2 Bf5 19. Rae1 Raf8 20. b4 Bxe4 21.
Rxe4 Rf4 22. Qe2 Rxe4 23. Qxe4 Rf4 24. Qe2 e4 25. g3 Rf7 26. Ne1 Rxf1+ 27. Kxf1
Qe5 28. Kg2 h5 29. Nc2 Qf5 30. Qf2 Kf7 31. Qxf5+ gxf5 32. Kf2 Kg6 33. h4 Be5
34. c5 f4 35. gxf4 Bxf4 36. Ne3 Kf6 37. d6 Ke6 38. Nd5 Bxd6 39. cxd6 cxd6 40.
Nf4+ Kf5 41. Nxh5 Kg4 42. Nf6+ Kxh4 43. Nxe4 1-0

[Event "K41 Efteraars EMT Basisklassen 2009"]
[Site "Valby"]
[Date "2009.09.15"]
[Round "2"]
[White "Karup, Jesper"]
[Black "Nielsen, Jimmy O"]
[Result "0-1"]
[WhiteElo "1709"]
[BlackElo "1795"]
[PlyCount "92"]
[EventDate "2009.??.??"]

1. e4 c5 2. Nf3 e6 3. d4 cxd4 4. Nxd4 Nf6 5. Bd3 Nc6 6. c3 a6 7. Be3 Qc7 8. O-O
d5 9. Nd2 Ne5 10. Bf4 Bd6 11. Bxe5 Bxe5 12. N4f3 Bf4 13. Re1 O-O 14. Qc2 g6 15.
Rad1 Bd7 16. g3 dxe4 17. Nxe4 Nxe4 18. Rxe4 Bh6 19. Rc4 Bc6 20. Nd4 Qb6 21.
Nxc6 bxc6 22. Be4 Rac8 23. Rd6 Qa5 24. Rdxc6 Rxc6 25. Bxc6 Rd8 26. Qa4 Qxa4 27.
Rxa4 Rd1+ 28. Kg2 Rd2 29. b4 Be3 30. Kf3 Bxf2 31. Rxa6 Be1 32. b5 Rxh2 33. b6
Rf2+ 34. Kg4 f5+ 35. Kh3 g5 36. g4 h5 37. Ra8+ Kg7 38. Ra7+ Kf6 39. Bg2 fxg4+
40. Kh2 h4 41. b7 Rb2 42. Ra4 Bg3+ 43. Kg1 Rb1+ 44. Bf1 h3 45. Rxg4 h2+ 46. Kg2
Bb8 0-1

[Event "K41 Efteraars EMT Basisklassen 2009"]
[Site "Valby"]
[Date "2009.09.15"]
[Round "2"]
[White "Nielsen, Jais Norgaard"]
[Black "Mouritsen, Jan"]
[Result "1/2-1/2"]
[WhiteElo "1585"]
[BlackElo "1719"]
[PlyCount "109"]
[EventDate "2009.??.??"]

1. e4 e6 2. Nf3 d5 3. exd5 exd5 4. Bb5+ c6 5. Ba4 Nf6 6. O-O Bd6 7. Re1+ Be6 8.
d4 O-O 9. Bg5 h6 10. Bh4 Nbd7 11. c3 Qc7 12. Bc2 Rfe8 13. Qd3 Bg4 14. Nbd2 Bh5
15. Qf1 Rac8 16. Rxe8+ Rxe8 17. Re1 Qb8 18. Rxe8+ Qxe8 19. Qe1 Qxe1+ 20. Nxe1
Bf4 21. Nb3 b6 22. Nd3 Bd6 23. Nb4 c5 24. dxc5 bxc5 25. Nc6 a6 26. f3 Bg6 27.
Bxg6 fxg6 28. Bf2 c4 29. Nd2 Ne5 30. Nxe5 Bxe5 31. Bd4 Bxd4+ 32. cxd4 Kf7 33.
Kf1 Ke6 34. Ke1 g5 35. Kd1 g4 36. Kc2 gxf3 37. gxf3 g5 38. Kc3 g4 39. Kb4 h5
40. Ka5 h4 41. fxg4 Nxg4 42. Nf3 h3 43. Ng5+ Kf5 44. Nxh3 Ke4 45. Kxa6 Kxd4 46.
Kb5 Ke3 47. a4 d4 48. Kxc4 Ne5+ 49. Kb3 d3 50. Kc3 d2 51. Kc2 Ke2 52. Nf4+ Ke1
53. Ng2+ Ke2 54. Nf4+ Ke1 55. Ng2+ 1/2-1/2

[Event "K41 Efteraars EMT Basisklassen 2009"]
[Site "Valby"]
[Date "2009.09.15"]
[Round "2"]
[White "Nissen, Kaspar"]
[Black "Nielsen, Soren Skovso"]
[Result "1/2-1/2"]
[WhiteElo "1328"]
[BlackElo "1431"]
[PlyCount "77"]
[EventDate "2009.??.??"]

1. Nf3 e6 2. e4 c5 3. Nc3 Nc6 4. d4 cxd4 5. Nxd4 Bb4 6. Nde2 Nf6 7. a3 Be7 8.
g3 O-O 9. Bg2 d6 10. O-O a6 11. Be3 Ng4 12. Qd2 Nxe3 13. Qxe3 Bd7 14. Rfd1 Qc7
15. Nf4 Ne5 16. Nd3 Nc4 17. Qe2 Nxb2 18. Nxb2 Qxc3 19. Nd3 Rac8 20. Ra2 Rc7 21.
Rb1 Bb5 22. a4 Bc4 23. Rab2 b5 24. axb5 axb5 25. Qe1 Bf6 26. e5 Qxe1+ 27. Rxe1
dxe5 28. Nxe5 Rd8 29. Nxc4 bxc4 30. Ra2 g6 31. Ra8 Rcd7 32. Rxd8+ Rxd8 33. Bf3
Rd2 34. Re2 Rd1+ 35. Kg2 c3 36. Rxe6 Rg1+ 37. Kxg1 fxe6 38. Kf1 Bd4 39. Be4
1/2-1/2

[Event "K41 Efteraars EMT Basisklassen 2009"]
[Site "Valby"]
[Date "2009.09.15"]
[Round "2"]
[White "Skjoldager, Mikael"]
[Black "Andreassen, Mikkel"]
[Result "1/2-1/2"]
[WhiteElo "1733"]
[BlackElo "1839"]
[PlyCount "123"]
[EventDate "2009.??.??"]

1. e4 e5 2. Nf3 Nc6 3. Bb5 a6 4. Ba4 Nf6 5. O-O b5 6. Bb3 Bb7 7. Re1 Bc5 8. c3
d6 9. d4 Bb6 10. Nbd2 O-O 11. Nf1 h6 12. Ng3 Qd7 13. Bc2 Rad8 14. Nf5 d5 15.
dxe5 Nxe4 16. Bxe4 dxe4 17. Qxd7 Rxd7 18. Rxe4 Rd1+ 19. Re1 Rxe1+ 20. Nxe1 Nxe5
21. Bf4 Re8 22. Rd1 Be4 23. Ng3 Ng4 24. Nxe4 Rxe4 25. Bg3 Re2 26. Nd3 c5 27.
Kf1 Rc2 28. h3 Nf6 29. Ke1 c4 30. Nb4 Rxb2 31. Rd6 Ba5 32. Rxa6 Bxb4 33. cxb4
Rxb4 34. Ra8+ Kh7 35. Kd1 Rb2 36. Kc1 c3 37. Ra3 b4 38. Rb3 Rxb3 39. axb3 Ne4
40. Bc7 Nxf2 41. Kc2 f5 42. Bd6 g5 43. Bxb4 Kg6 44. Bxc3 h5 45. b4 Kf7 46. b5
Ke6 47. b6 Kd7 48. Kd2 f4 49. Bd4 Ne4+ 50. Kd3 Nd6 51. Be5 Nb7 52. h4 Ke6 53.
Bb8 f3 54. gxf3 gxh4 55. Ke2 Kd5 56. Kf2 Nc5 57. Kg2 Kc6 58. Bc7 Ne6 59. Kh3
Ng5+ 60. Kg2 h3+ 61. Kf2 h4 62. f4 1/2-1/2

[Event "K41 Efteraars EMT Basisklassen 2009"]
[Site "Valby"]
[Date "2009.09.15"]
[Round "2"]
[White "Wehl, Erik"]
[Black "Mikkelsen, Henning Peter"]
[Result "0-1"]
[WhiteElo "1462"]
[BlackElo "1400"]
[PlyCount "66"]
[EventDate "2009.??.??"]

1. d4 f5 2. Nf3 Nf6 3. c4 e6 4. a3 Be7 5. Nc3 O-O 6. Bf4 d6 7. e3 b6 8. Be2 Bb7
9. O-O Nbd7 10. h3 c5 11. Re1 Rc8 12. b3 a6 13. Rc1 Qe8 14. Bh2 Ne4 15. d5 Bf6
16. Nxe4 fxe4 17. Nd2 exd5 18. Bxd6 Rf7 19. Bh5 g6 20. Bg4 Rc6 21. Bf4 d4 22.
exd4 Bxd4 23. Rxe4 Qf8 24. Bxd7 Rxd7 25. Qe1 Rc8 26. Rxd4 Rxd4 27. Be5 Rd3 28.
f4 Qf5 29. g4 Qd7 30. Ne4 Qc6 31. Nf6+ Kf7 32. Nd5 Rxd5 33. cxd5 Qxd5 0-1

[Event "K41 Efteraars EMT Basisklassen 2009"]
[Site "Valby"]
[Date "2009.09.22"]
[Round "3"]
[White "Andreassen, Mikkel"]
[Black "Hojgaard, Knud"]
[Result "1/2-1/2"]
[WhiteElo "1839"]
[BlackElo "1817"]
[PlyCount "26"]
[EventDate "2009.??.??"]

1. d4 e6 2. c4 b6 3. Nc3 Bb4 4. a3 Bxc3+ 5. bxc3 Bb7 6. e3 f5 7. Nf3 Nf6 8. Bd3
Ne4 9. Qc2 O-O 10. Nd2 Nxd2 11. Bxd2 Qe7 12. Rg1 Qh4 13. d5 Na6 1/2-1/2

[Event "K41 Efteraars EMT Basisklassen 2009"]
[Site "Valby"]
[Date "2009.09.22"]
[Round "3"]
[White "Christensen, Aage Niels"]
[Black "Nielsen, Jais Norgaard"]
[Result "1-0"]
[WhiteElo "1326"]
[BlackElo "1585"]
[PlyCount "77"]
[EventDate "2009.??.??"]

1. d4 Nf6 2. c4 e6 3. Nc3 d5 4. Bg5 Be7 5. e3 O-O 6. Nf3 c6 7. Bd3 dxc4 8. Bxc4
b5 9. Bd3 Nbd7 10. O-O h6 11. Bh4 Nd5 12. Bxe7 Qxe7 13. Rc1 Nxc3 14. Rxc3 Bb7
15. Be4 b4 16. Rc2 Rac8 17. Qb1 f5 18. Bd3 g5 19. Ne5 Nxe5 20. dxe5 Qc7 21. Rc5
Rcd8 22. Bc4 Rfe8 23. Qxf5 Qf7 24. Qc2 Kg7 25. f4 Qg6 26. Qxg6+ Kxg6 27. fxg5
Kxg5 28. Rf7 Rd1+ 29. Kf2 Bc8 30. Rg7+ Kh4 31. g3+ Kh3 32. Bf1+ Rxf1+ 33. Kxf1
Kxh2 34. Rc2+ Kh1 35. Rf7 Ba6+ 36. Ke1 Bb5 37. Rff2 Rg8 38. Rh2+ Kg1 39. Rcg2#
1-0

[Event "K41 Efteraars EMT Basisklassen 2009"]
[Site "Valby"]
[Date "2009.09.22"]
[Round "3"]
[White "Egholm, Leif"]
[Black "Nissen, Kaspar"]
[Result "1/2-1/2"]
[WhiteElo "1672"]
[BlackElo "1328"]
[PlyCount "59"]
[EventDate "2009.??.??"]

1. e4 c5 2. c4 Nc6 3. Nc3 e5 4. d3 Nge7 5. f4 d6 6. Nf3 Bg4 7. Be2 Bxf3 8. Bxf3
Nd4 9. O-O Nec6 10. a3 Be7 11. Bg4 O-O 12. Nd5 exf4 13. Bxf4 Bg5 14. Rb1 Bxf4
15. Nxf4 Ne5 16. Nh3 Qh4 17. Rf4 Qh6 18. Qf1 Nxg4 19. Rxg4 Qe3+ 20. Kh1 f5 21.
Rg3 Qd2 22. Qd1 Qxd1+ 23. Rxd1 fxe4 24. dxe4 Rf6 25. Ng1 Raf8 26. Nf3 Nxf3 27.
gxf3 Rxf3 28. Rxf3 Rxf3 29. Rxd6 Rb3 30. Rd2 1/2-1/2

[Event "K41 Efteraars EMT Basisklassen 2009"]
[Site "Valby"]
[Date "2009.09.22"]
[Round "3"]
[White "Krogh, Soren"]
[Black "Karup, Jesper"]
[Result "0-1"]
[WhiteElo "1147"]
[BlackElo "1709"]
[PlyCount "74"]
[EventDate "2009.??.??"]

1. e4 e6 2. Nf3 d5 3. e5 c5 4. b4 Nc6 5. b5 Nce7 6. Bb2 Qc7 7. d3 Ng6 8. c4 d4
9. Qe2 b6 10. h4 Bb7 11. Nbd2 Nf4 12. Qd1 h5 13. g3 Ng6 14. a4 Nxe5 15. Be2 Nf6
16. O-O Bd6 17. Ng5 Neg4 18. Nde4 Bxe4 19. Bxg4 Nxg4 20. Nxe4 Be7 21. Bc1 Bxh4
22. Bd2 f5 23. Ng5 Bxg5 24. Bxg5 h4 25. Qf3 Rb8 26. Rfe1 Kf7 27. Re2 hxg3 28.
fxg3 Qb7 29. Qxb7+ Rxb7 30. Rae1 Re8 31. Bd2 e5 32. Rf1 Kg6 33. a5 e4 34. dxe4
Rxe4 35. Rxe4 fxe4 36. a6 Re7 37. Rf4 Ne5 0-1

[Event "K41 Efteraars EMT Basisklassen 2009"]
[Site "Valby"]
[Date "2009.09.22"]
[Round "3"]
[White "Mouritsen, Jan"]
[Black "Skjoldager, Mikael"]
[Result "1/2-1/2"]
[WhiteElo "1719"]
[BlackElo "1733"]
[PlyCount "84"]
[EventDate "2009.??.??"]

1. d4 Nf6 2. c4 g6 3. Nc3 d5 4. Nf3 Bg7 5. Bf4 O-O 6. e3 c5 7. dxc5 Qa5 8. Qc2
dxc4 9. Bxc4 Qxc5 10. Bb3 Nc6 11. O-O e5 12. Bg3 Bg4 13. Nd5 Qxc2 14. Nxf6+
Bxf6 15. Bxc2 Rfd8 16. Rfd1 Rac8 17. Be4 Bg7 18. h3 Bxf3 19. Bxf3 f5 20. Bd5+
Kf8 21. a3 Rd6 22. Bh4 h6 23. Bxc6 Rcxc6 24. Rxd6 Rxd6 25. Rc1 Rc6 26. Rxc6
bxc6 27. Bd8 e4 28. b3 Bb2 29. a4 Bc3 30. f3 Kf7 31. Kf2 Ke6 32. g4 Kd5 33. Be7
c5 34. fxe4+ fxe4 35. Bf8 h5 36. gxh5 gxh5 37. Kg3 c4 38. bxc4+ Kxc4 39. Kf4
Kd3 40. Bc5 a6 41. Bb6 Bd2 42. Ba7 Bc1 1/2-1/2

[Event "K41 Efteraars EMT Basisklassen 2009"]
[Site "Valby"]
[Date "2009.09.22"]
[Round "3"]
[White "Nielsen, Jimmy O"]
[Black "Jorgensen, Rasmus"]
[Result "1/2-1/2"]
[WhiteElo "1795"]
[BlackElo "1937"]
[PlyCount "32"]
[EventDate "2009.??.??"]

1. d4 Nf6 2. c4 g6 3. Nc3 Bg7 4. e4 d6 5. f3 O-O 6. Be3 c5 7. Nge2 Qa5 8. Qa4
Qxa4 9. Nxa4 Bd7 10. Nac3 cxd4 11. Nxd4 Nc6 12. Be2 Rfc8 13. Rd1 Ne5 14. b3 a5
15. Bg5 Nc6 16. Be3 Nxd4 1/2-1/2

[Event "K41 Efteraars EMT Basisklassen 2009"]
[Site "Valby"]
[Date "2009.09.22"]
[Round "3"]
[White "Nielsen, Soren Skovso"]
[Black "Eiholt, Bjarne"]
[Result "1-0"]
[WhiteElo "1431"]
[BlackElo "1421"]
[PlyCount "65"]
[EventDate "2009.??.??"]

1. e4 c6 2. d4 d5 3. e5 Bf5 4. Bd3 Bxd3 5. Qxd3 e6 6. c3 Qb6 7. b3 c5 8. Nf3
Nc6 9. O-O cxd4 10. cxd4 Nge7 11. Nc3 Nf5 12. Nxd5 Qd8 13. Ne3 Nfxd4 14. Nxd4
Qxd4 15. Qxd4 Nxd4 16. Bb2 Bc5 17. Nc4 Rd8 18. Rad1 O-O 19. Nd6 Ne2+ 20. Kh1
Rd7 21. f4 Bb4 22. Rf3 Rfd8 23. g3 Rc7 24. Rfd3 h6 25. a3 Bc3 26. Bxc3 Nxc3 27.
Rc1 Nd5 28. Rxc7 Nxc7 29. Rc3 Nd5 30. Rc1 Kf8 31. Nxb7 Rb8 32. Nc5 a5 33. Nd7+
1-0

[Event "K41 Efteraars EMT Basisklassen 2009"]
[Site "Valby"]
[Date "2009.09.29"]
[Round "4"]
[White "Hojgaard, Knud"]
[Black "Nielsen, Jimmy O"]
[Result "0-1"]
[WhiteElo "1817"]
[BlackElo "1795"]
[PlyCount "78"]
[EventDate "2009.??.??"]

1. d4 d5 2. c4 c6 3. cxd5 cxd5 4. Nf3 Nc6 5. Nc3 Nf6 6. Bf4 Bf5 7. e3 e6 8. Bb5
Nd7 9. Qa4 Rc8 10. O-O a6 11. Bxc6 Rxc6 12. Rfc1 Rb6 13. Nxd5 exd5 14. Bc7 Rb4
15. Qa5 Qa8 16. Qxd5 Rb5 17. Qc4 Be7 18. b3 O-O 19. Qe2 Ba3 20. Rc4 b6 21. Ra4
Be7 22. Nd2 Qb7 23. Bg3 Nf6 24. f3 Bd7 25. e4 a5 26. Rc4 Rb4 27. Rc7 Qa8 28.
Qd3 Bb5 29. Qc3 Qd8 30. Bf2 Bd6 31. Ra7 Qb8 32. a3 Qxa7 33. axb4 Qc7 34. Qxc7
Bxc7 35. bxa5 bxa5 36. Rc1 Rc8 37. Bg3 Ne8 38. e5 Bd7 39. d5 Bb6+ 0-1

[Event "K41 Efteraars EMT Basisklassen 2009"]
[Site "Valby"]
[Date "2009.09.29"]
[Round "4"]
[White "Karup, Jesper"]
[Black "Egholm, Leif"]
[Result "1-0"]
[WhiteElo "1709"]
[BlackElo "1672"]
[PlyCount "83"]
[EventDate "2009.??.??"]

1. e4 c5 2. Nf3 Nc6 3. Bb5 a6 4. Bxc6 dxc6 5. h3 e6 6. O-O Bd6 7. e5 Bc7 8. Qe2
Ne7 9. c3 Ng6 10. d4 cxd4 11. cxd4 h6 12. Nc3 Qe7 13. a4 Bd7 14. b3 Nh4 15. Ba3
Nxf3+ 16. Qxf3 Qh4 17. Ne4 O-O-O 18. Bd6 f5 19. Bxc7 fxe4 20. Bxd8 Kxd8 21. Qg4
Qxg4 22. hxg4 Rf8 23. f4 exf3 24. Rxf3 Rxf3 25. gxf3 Kc7 26. a5 Be8 27. Kf2 Bd7
28. f4 Kd8 29. Rh1 Be8 30. Ke3 Ke7 31. Rf1 Bf7 32. b4 Kf8 33. f5 Kg8 34. f6 g5
35. Kd3 Kh7 36. Kc4 h5 37. gxh5 Bxh5 38. f7 Bxf7 39. Rxf7+ Kg6 40. Rf6+ Kg7 41.
Rxe6 g4 42. Rf6 1-0

[Event "K41 Efteraars EMT Basisklassen 2009"]
[Site "Valby"]
[Date "2009.09.29"]
[Round "4"]
[White "Mikkelsen, Henning Peter"]
[Black "Krogh, Soren"]
[Result "1-0"]
[WhiteElo "1400"]
[BlackElo "1147"]
[PlyCount "71"]
[EventDate "2009.??.??"]

1. d4 d6 2. e4 g6 3. Nf3 Bg7 4. c3 Nf6 5. Bd3 O-O 6. Bg5 Bg4 7. Nbd2 e5 8. Qc2
Nbd7 9. Nh4 Nb6 10. h3 Bd7 11. Ndf3 Re8 12. g4 Qe7 13. O-O-O a5 14. Rde1 Qf8
15. Rhg1 a4 16. Be3 a3 17. b3 Bc6 18. Kb1 exd4 19. Bxd4 Re7 20. Nd2 Rae8 21. f4
d5 22. e5 Nfd7 23. Ndf3 Bh8 24. f5 Qh6 25. fxg6 hxg6 26. Nf5 Qf8 27. Nxe7+ Qxe7
28. e6 fxe6 29. Bxh8 Kxh8 30. Bxg6 Rg8 31. h4 Nf6 32. Ng5 e5 33. Nf7+ Kg7 34.
Rxe5 Qc5 35. Qc1 Qf2 36. Qh6# 1-0

[Event "K41 Efteraars EMT Basisklassen 2009"]
[Site "Valby"]
[Date "2009.09.29"]
[Round "4"]
[White "Nielsen, Soren Skovso"]
[Black "Mouritsen, Jan"]
[Result "0-1"]
[WhiteElo "1431"]
[BlackElo "1719"]
[PlyCount "104"]
[EventDate "2009.??.??"]

1. e4 e6 2. d4 d5 3. e5 c5 4. Bb5+ Nc6 5. Bxc6+ bxc6 6. Nf3 Ba6 7. Nc3 Ne7 8.
Ne2 cxd4 9. O-O Ng6 10. Re1 Be7 11. Nexd4 Qb6 12. c3 O-O 13. Qc2 c5 14. Nb3
Rab8 15. Be3 Bb5 16. Nbd2 Rfc8 17. Rab1 Qa6 18. Ra1 h6 19. Nf1 Bd3 20. Qc1 Be4
21. N1d2 Bf5 22. Nb3 Nf8 23. Qd2 Nd7 24. Nc1 Be4 25. Bf4 c4 26. Rxe4 dxe4 27.
Qxd7 Rd8 28. Qxd8+ Rxd8 29. Nd4 Bc5 30. Nce2 Qb6 31. Rb1 Rxd4 32. Nxd4 Bxd4 33.
cxd4 Qxd4 34. Be3 Qd3 35. Rc1 a6 36. h3 Kh7 37. Rc3 Qb1+ 38. Bc1 Qxa2 39. Ra3
Qb1 40. Rc3 e3 41. fxe3 Qe4 42. Ra3 Qxe5 43. Rc3 Qd5 44. Kh2 h5 45. Ra3 Qd6+
46. g3 Qd1 47. Rc3 Qe2+ 48. Kg1 Kg6 49. e4 a5 50. Bf4 a4 51. Ra3 Qxb2 52. Bd6
Qc1+ 0-1

[Event "K41 Efteraars EMT Basisklassen 2009"]
[Site "Valby"]
[Date "2009.09.29"]
[Round "4"]
[White "Nissen, Kaspar"]
[Black "Christensen, Aage Niels"]
[Result "1/2-1/2"]
[WhiteElo "1328"]
[BlackElo "1326"]
[PlyCount "44"]
[EventDate "2009.??.??"]

1. Nf3 f5 2. g3 Nf6 3. Bg2 Nc6 4. O-O e5 5. d3 Be7 6. Nbd2 O-O 7. c4 a5 8. e4
fxe4 9. dxe4 d6 10. a3 Kh8 11. Qc2 Bd7 12. b3 b6 13. Bb2 Qc8 14. Bc3 Ng8 15. b4
Bh3 16. c5 Bxg2 17. Kxg2 Bf6 18. cxd6 cxd6 19. b5 Nd4 20. Qd3 Nxf3 21. Nxf3 Qb7
22. Qd5 Qxd5 1/2-1/2

[Event "K41 Efteraars EMT Basisklassen 2009"]
[Site "Valby"]
[Date "2009.09.29"]
[Round "4"]
[White "Skjoldager, Mikael"]
[Black "Hojland, Ulrik"]
[Result "1-0"]
[WhiteElo "1733"]
[BlackElo "1000"]
[PlyCount "63"]
[EventDate "2009.??.??"]

1. e4 c6 2. d4 d5 3. Nc3 e6 4. Nf3 Nf6 5. e5 Nfd7 6. Bd3 c5 7. Bg5 Qb6 8. O-O
cxd4 9. Nb5 Bc5 10. a4 a6 11. a5 Qc6 12. Nfxd4 Bxd4 13. Nxd4 Qc7 14. f4 Qc5 15.
c3 Nc6 16. Bc2 h6 17. Bh4 b5 18. Kh1 g5 19. Bf2 Nxd4 20. Bxd4 Qe7 21. f5 Nf8
22. Qf3 Rb8 23. Rae1 b4 24. fxe6 Bxe6 25. Bf5 Bxf5 26. Qxf5 Ne6 27. Bb6 bxc3
28. bxc3 Rc8 29. Qd3 Rc4 30. Qxd5 Rxc3 31. Qa8+ Nd8 32. Rd1 1-0

[Event "K41 Efteraars EMT Basisklassen 2009"]
[Site "Valby"]
[Date "2009.09.29"]
[Round "4"]
[White "Wehl, Erik"]
[Black "Nielsen, Jais Norgaard"]
[Result "1-0"]
[WhiteElo "1462"]
[BlackElo "1585"]
[PlyCount "57"]
[EventDate "2009.??.??"]

1. d4 Nf6 2. Nf3 d5 3. c4 c6 4. e3 Bf5 5. Nc3 e6 6. a3 a5 7. Be2 Nbd7 8. O-O
Bd6 9. c5 Bb8 10. a4 Qc7 11. g3 h5 12. h4 Ne4 13. Nxe4 dxe4 14. Ng5 g6 15. Qb3
Nf6 16. Bd2 Nh7 17. Nxh7 Rxh7 18. Qb6 Qc8 19. Bxa5 f6 20. Qb4 g5 21. hxg5 fxg5
22. Kg2 h4 23. Rh1 hxg3 24. Rxh7 Bxh7 25. Rh1 Qd7 26. fxg3 e5 27. d5 Kf8 28.
dxc6 Qxc6 29. Rxh7 1-0